000 00630nam a2200205 a 4500
001 000025435
005 20250723150125.0
008 110216n200? dr 001 m spa d
040 _aDO-SdBNP
_bspa
_cBNPHU
082 _aRD868.5
_bD569v
100 1 _aDifó, Jorge Luis
_952038
245 1 3 _aLa victoria y los fracasos del amor y la vida /
_cJorge Luis Difó.
260 _aSanto Domingo :
_bSerrallés,
_c[200?].
300 _a163 p. ;
_c22 cm.
650 0 _aProsa dominicana
_912146
650 0 _aLiteratura dominicana.
_967
650 0 _aPoesía dominicana
_966
910 _aValidado. Control de calidad EMS
049 _aBNPD
999 _c24927
_d24927